LEADER 01692nam a2200277 a 4500 001 000000142230 003 CaOOAMICUS 005 20150311115017.0 008 150311s1978 it u000 u ita r 040 $aPUL$bita 110 2 $aLibera Università degli Studi di Trento.$bGruppo di Teoria e Storia sociale.$bSeminario$c(Trento :$d1977).$0(OLS)http://pul/name/91533 245 10$aPatriziati e aristocrazie nobiliari :$bceti dominanti e organizzazione del potere nell'Italia centro-settentrionale dal XVI al XVIII secolo, Atti del seminario tenuto a Trento il 9-10 dicembre 1977, presso l'Istituto Storico italo-germanico /$ca cura di Cesare Mozzarelli e Pierangelo Schiera. 260 $aTrento :$bLibera Università degli Studi di Trento$g1978 300 $a199 p. ;$c21 cm 490 1 $aCollana di storia sociale ;$v01 504 $aBibliografia in nota. 650 4$aPotere.$0(OLS)http://pul/subject/7371 700 1 $aSchiera, Pierangelo.$0(OLS)http://pul/name/23272 700 1 $aMozzarelli, Cesare.$0(OLS)http://pul/name/24209 830 0$aCollana di storia sociale ;$v01.$0(OLS)http://pul/title/180040 850 $aPUL 852 $aPUL$W1$xDP1 Fondo Capitani$y116$m10 D 29$j17858$qFondi$B164246$CPULBib$Z2$F164246 $HCap1490 $82 941 1 $a1 996 $6245$aPatriziati e aristocrazie nobiliari :$bceti dominanti e organizzazione del potere nell'Italia centro-settentrionale dal XVI al XVIII secolo, Atti del seminario tenuto a Trento il 9-10 dicembre 1977, presso l'Istituto Storico italo-germanico$9(OLS)http://pul/title/180039 996 $6260$aTrento :$bLibera Università degli Studi di Trento$9(OLS)http://pul/publisher/83212 LEADER 01322nam a2200313 a 4500 001 000000144214 003 CaOOAMICUS 005 20150619155621.0 008 150619s1999 it u000 u ita r 020 $z8837217587* 040 $aPUL$bita 100 1 $aStroumsa, Guy G.$0(OLS)http://pul/name/49312 245 13$aLa formazione dell'identità cristiana /$cGuy G. Stroumsa ; a cura di Piero Capelli ; introduzione di Giovanni Filoramo. 260 $aBrescia :$bMorcelliana,$c1999. 300 $a270 p. ;$c23 cm 490 1 $aScienze delle religioni 500 $aContiene indici. 504 $aBibliografia in nota. 650 4$aScienza delle religioni.$0(OLS)http://pul/subject/4484 700 1 $aFiloramo, Giovanni,$d1945-$0(OLS)http://pul/name/6760 700 1 $aCapelli, Piero.$0(OLS)http://pul/name/34624 830 0$aScienze delle religioni.$0(OLS)http://pul/title/45760 850 $aPUL 852 $aPUL$W1$xDP1 Fondo S. Lanza$y121$m3 D 46$j166271$qFondi$B166854$CPULBib$Z2$F166854 $HLan670 $82 941 1 $a1 961 $aInclude foglio con note ms. 996 $6020$z8837217587*$9(OLS)http://pul/number/157979 996 $6245$aLa formazione dell'identità cristiana$9(OLS)http://pul/title/182472 996 $6260$aBrescia :$bMorcelliana$9(OLS)http://pul/publisher/47854